[Event "EU-ch U18 19th"]
[Site "Fermo"]
[Date "2009.09.07"]
[Round "7"]
[White "Lobo, Richard A"]
[Black "Valsecchi, Alessio"]
[Result "0-1"]
[WhiteElo "1920"]
[BlackElo "2372"]
[PlyCount "70"]
[EventDate "2009.08.31"]
[EventType "swiss"]
[EventRounds "9"]
[EventCountry "ITA"]
[SourceTitle "CBM 132 Extra"]
[Source "ChessBase"]
[SourceDate "2009.11.03"]
[SourceVersion "1"]
[SourceVersionDate "2009.11.03"]
[SourceQuality "1"]

1. e4 c5 2. Nf3 Nc6 3. d4 cxd4 4. Nxd4 g6 5. Nc3 Bg7 6. Be3 Nf6 7. Bc4 0-0 8. Bb3 d6 9. f3 Na5 10. Qd2 Nd7 11. 0-0-0 Nb6 12. Qe2 a6 13. h4 e5 14. Nf5 Nxb3+ 15. axb3 gxf5 16. h5 f4 17. h6 Bf6 18. Bf2 Be6 19. g3 Kh8 20. gxf4 exf4 21. Rhg1 Be5 22. Qe1 Nd7 23. Bh4 Qa5 24. Rg5 Rac8 25. Kb1 Rg8 26. Rxe5 Qxe5 27. Nd5 Rg2 28. Bf2 Qg5 29. c3 Qxh6 30. c4 Ne5 31. Bd4 Bxd5 32. exd5 Qg6+ 33. Ka1 f6 34. Qb4 Nxf3 35. Qxb7 Re8 0-1

[Event "EU-ch U18 19th"]
[Site "Fermo"]
[Date "2009.08.31"]
[Round "1"]
[White "Lobo, Richard A"]
[Black "Graf, Felix"]
[Result "1/2-1/2"]
[WhiteElo "1920"]
[BlackElo "2291"]
[PlyCount "90"]
[EventDate "2009.08.31"]
[EventType "swiss"]
[EventRounds "9"]
[EventCountry "ITA"]
[SourceTitle "CBM 132 Extra"]
[Source "ChessBase"]
[SourceDate "2009.11.03"]
[SourceVersion "1"]
[SourceVersionDate "2009.11.03"]
[SourceQuality "1"]

1. e4 e6 2. d4 d5 3. Nd2 Nf6 4. e5 Nfd7 5. Ngf3 c5 6. c3 b6 7. Qa4 Be7 8. Bd3 0-0 9. 0-0 a5 10. Re1 Qc7 11. Nf1 cxd4 12. cxd4 Ba6 13. Bxa6 Nxa6 14. Bd2 Rfc8 15. Rac1 Qb7 16. Qb5 Nb4 17. a3 Nc6 18. Ne3 Na7 19. Qd3 Rxc1 20. Rxc1 Rc8 21. Re1 Bf8 22. g3 Rc7 23. Ng2 Qc6 24. Rc1 Qb5 25. Qxb5 Rxc1+ 26. Bxc1 Nxb5 27. Nf4 a4 28. Kf1 g5 29. Ne2 g4 30. Ne1 f6 31. Nd3 Be7 32. Bf4 Kf7 33. Kg2 f5 34. Bd2 Nb8 35. Kf1 Nc6 36. Be3 h6 37. h4 gxh3 38. Kg1 Bg5 39. Kh2 Bxe3 40. fxe3 Na5 41. Nf2 Nc4 42. Nd1 Nc7 43. Kxh3 b5 44. Nec3 Kg6 45. Kh4 Nd2 1/2-1/2

[Event "Commonwealth-ch"]
[Site "Nagpur"]
[Date "2008.10.03"]
[Round "8"]
[White "Lobo, Richard A"]
[Black "Dharani, Sree R"]
[Result "1-0"]
[WhiteElo "1979"]
[BlackElo "1745"]
[PlyCount "85"]
[EventDate "2008.09.28"]
[EventType "swiss"]
[EventRounds "11"]
[EventCountry "IND"]
[SourceTitle "CBM 126 Extra"]
[Source "ChessBase"]
[SourceDate "2008.11.05"]
[SourceVersion "1"]
[SourceVersionDate "2008.11.05"]
[SourceQuality "1"]

1. e4 c5 2. Nf3 d6 3. d4 cxd4 4. Nxd4 Nf6 5. Nc3 a6 6. Be3 e5 7. Nf3 Be7 8. Bc4 0-0 9. 0-0 Nc6 10. Qe2 Bg4 11. Rad1 Qc7 12. Bb3 Rac8 13. h3 Bh5 14. Nd5 Nxd5 15. Rxd5 Na5 16. Rd2 Nxb3 17. axb3 Bg6 18. Bg5 Bxg5 19. Nxg5 h6 20. Nf3 Rfd8 21. Rfd1 Qc6 22. Rb1 Bh5 23. g4 Bg6 24. Nh4 b5 25. c3 Rd7 26. Qf3 Re8 27. Rd5 Re6 28. Qd3 Bh7 29. Ng2 Bg6 30. Ne3 f6 31. Rd1 Bf7 32. Nf5 g6 33. Nxd6 Ree7 34. Nxf7 Rxd5 35. exd5 Qd7 36. Nxh6+ Kg7 37. d6 Re8 38. g5 fxg5 39. Qd5 Re6 40. Qxe6 Qxe6 41. d7 Qxb3 42. d8Q Qxb2 43. Rd7+ 1-0

[Event "Commonwealth-ch"]
[Site "Nagpur"]
[Date "2008.09.29"]
[Round "2"]
[White "Lobo, Richard A"]
[Black "Phadke, Sohan"]
[Result "0-1"]
[WhiteElo "1979"]
[BlackElo "2284"]
[PlyCount "86"]
[EventDate "2008.09.28"]
[EventType "swiss"]
[EventRounds "11"]
[EventCountry "IND"]
[SourceTitle "CBM 126 Extra"]
[Source "ChessBase"]
[SourceDate "2008.11.05"]
[SourceVersion "1"]
[SourceVersionDate "2008.11.05"]
[SourceQuality "1"]

1. e4 c5 2. Nf3 Nc6 3. d4 cxd4 4. Nxd4 Nf6 5. Nc3 e5 6. Ndb5 d6 7. Bg5 a6 8. Na3 b5 9. Nd5 Be7 10. Bxf6 Bxf6 11. c3 Bb7 12. Nc2 Ne7 13. Nxf6+ gxf6 14. Qg4 Rg8 15. Qe2 d5 16. 0-0-0 Qb6 17. f4 dxe4 18. fxe5 fxe5 19. g3 f5 20. Bg2 Bd5 21. Ne3 0-0-0 22. Rhf1 Be6 23. Kb1 Rxd1+ 24. Nxd1 Bc4 25. Qf2 Qxf2 26. Rxf2 Rd8 27. Ne3 Rd3 28. Nxf5 Nxf5 29. Rxf5 e3 30. Bf3 Rd2 31. Rxe5 e2 32. Bg4+ Kc7 33. Bxe2 Rxe2 34. Rxe2 Bxe2 35. Kc2 Kd6 36. Kd2 Bg4 37. Kd3 Kc5 38. b3 a5 39. a3 Bf5+ 40. Kd2 a4 41. bxa4 bxa4 42. Kc1 Kc4 43. Kb2 h5 0-1

[Event "Margate Thanet op"]
[Site "Margate"]
[Date "2008.08.16"]
[Round "2"]
[White "Lobo, Richard A"]
[Black "Bobula, Mateusz"]
[Result "1-0"]
[WhiteElo "1938"]
[BlackElo "2395"]
[PlyCount "75"]
[EventDate "2008.08.15"]
[EventType "swiss"]
[EventRounds "5"]
[EventCountry "ENG"]
[SourceTitle "EXT 2011"]
[Source "ChessBase"]
[SourceDate "2010.11.26"]
[SourceVersion "1"]
[SourceVersionDate "2010.11.26"]
[SourceQuality "1"]

1. e4 e6 2. d4 d5 3. Nd2 Nf6 4. e5 Nfd7 5. Bd3 c5 6. c3 Nc6 7. Ngf3 cxd4 8. cxd4 g6 9. 0-0 Bg7 10. Nb3 0-0 11. Re1 Qb6 12. Be3 f6 13. exf6 Nxf6 14. Ne5 Qc7 15. Rc1 Qd6 16. f4 Ne7 17. Qc2 Rd8 18. Bd2 b6 19. Qc7 a5 20. Na1 Ne8 21. Qc3 Ba6 22. Bxa6 Rxa6 23. Qd3 Raa8 24. b4 Nf6 25. bxa5 bxa5 26. Nb3 Ne4 27. Bxa5 Rdc8 28. Qh3 Nc6 29. Bc3 Rxa2 30. Nc5 Nxc5 31. dxc5 Qxc5+ 32. Kh1 Qd6 33. Bb4 Nxb4 34. Rxc8+ Bf8 35. Qh6 d4 36. Nd7 Kf7 37. Rxf8+ Ke7 38. Qg7# 1-0

[Event "GBR-ch Major op 95th"]
[Site "Liverpool"]
[Date "2008.08.04"]
[Round "7"]
[White "Lobo, Richard A"]
[Black "Roy, Ali"]
[Result "1-0"]
[WhiteElo "1979"]
[BlackElo "1693"]
[PlyCount "149"]
[EventDate "2008.07.28"]
[EventType "swiss"]
[EventRounds "11"]
[EventCountry "ENG"]
[SourceTitle "CBM 125 Extra"]
[Source "ChessBase"]
[SourceDate "2008.09.01"]
[SourceVersion "1"]
[SourceVersionDate "2008.09.01"]
[SourceQuality "1"]

1. e4 e6 2. d4 d5 3. Nd2 dxe4 4. Nxe4 Nd7 5. Nf3 Ngf6 6. Ng3 c5 7. c3 cxd4 8. cxd4 Bb4+ 9. Bd2 Qa5 10. Qb3 Bxd2+ 11. Nxd2 0-0 12. 0-0-0 Qb6 13. Qd3 Rd8 14. Nc4 Qc6 15. Kb1 a6 16. Be2 Nd5 17. Bf3 N7f6 18. Ne4 Qc7 19. Rc1 Qe7 20. Ned2 Bd7 21. g4 Bc6 22. Ne5 Bb5 23. Ndc4 Nb6 24. Qd2 Nxc4 25. Nxc4 Rac8 26. Ne5 Rxc1+ 27. Rxc1 Nd5 28. g5 Qd6 29. Rd1 Rc8 30. h4 Rc7 31. h5 Ba4 32. Re1 Qb4 33. Qxb4 Nxb4 34. b3 Bb5 35. Be4 g6 36. a3 Nd5 37. hxg6 Nc3+ 38. Kb2 hxg6 39. Bxb7 Rxb7 40. Kxc3 Rc7+ 41. Nc4 Bc6 42. Re3 Bd5 43. Kb4 Kf8 44. Rc3 Ke7 45. Na5 Rxc3 46. Kxc3 f6 47. f4 fxg5 48. fxg5 Kd7 49. Nc4 Kc7 50. Kb4 Kb7 51. Ne5 Be4 52. Kc5 Kc7 53. b4 Bc2 54. Nc4 Ba4 55. Nb6 Bc6 56. a4 Be4 57. Nc4 Bc2 58. Nb6 Be4 59. b5 axb5 60. axb5 Bb7 61. Nc4 Bd5 62. Ne5 Be4 63. Ng4 Bf5 64. Nf2 Bc2 65. Nh3 Bd3 66. Nf4 Bf5 67. b6+ Kb7 68. Kd6 Kxb6 69. Nxe6 Kb7 70. d5 Bc2 71. Ke7 Kc8 72. d6 Ba4 73. Nf8 Bb5 74. Nxg6 Bd7 75. Nf8 1-0

[Event "Civil Service op"]
[Site "London"]
[Date "2006.11.12"]
[Round "5"]
[White "Lobo, Richard A"]
[Black "Sen, Subin"]
[Result "1/2-1/2"]
[WhiteElo "1808"]
[BlackElo "1904"]
[PlyCount "63"]
[EventDate "2006.11.11"]
[EventType "swiss"]
[EventRounds "5"]
[EventCountry "ENG"]
[SourceTitle "EXT 2008"]
[Source "ChessBase"]
[SourceDate "2007.11.25"]
[SourceVersion "1"]
[SourceVersionDate "2007.11.25"]
[SourceQuality "1"]

1. e4 c5 2. c3 d5 3. exd5 Qxd5 4. d4 Nf6 5. Nf3 e6 6. Be3 cxd4 7. cxd4 Bb4+ 8. Nc3 0-0 9. Bd3 b6 10. 0-0 Bxc3 11. bxc3 Ba6 12. Bxa6 Nxa6 13. Qd3 Nc5 14. Qe2 Ncd7 15. c4 Qd6 16. Rfd1 Rac8 17. Rac1 Rc6 18. Rc2 Rfc8 19. Rdc1 Qc7 20. Ne1 Qb7 21. Nd3 a5 22. Bf4 b5 23. Ne5 Nxe5 24. dxe5 Ne8 25. cxb5 Rxc2 26. Rxc2 Rxc2 27. Qxc2 Qxb5 28. h3 a4 29. a3 Qd7 30. Qb2 h6 31. Bd2 Nc7 32. Kh2 1/2-1/2

[Event "Civil Service op"]
[Site "London"]
[Date "2006.11.11"]
[Round "2"]
[White "Bonafont, Philip"]
[Black "Lobo, Richard A"]
[Result "1/2-1/2"]
[WhiteElo "2008"]
[BlackElo "1808"]
[PlyCount "78"]
[EventDate "2006.11.11"]
[EventType "swiss"]
[EventRounds "5"]
[EventCountry "ENG"]
[SourceTitle "EXT 2008"]
[Source "ChessBase"]
[SourceDate "2007.11.25"]
[SourceVersion "1"]
[SourceVersionDate "2007.11.25"]
[SourceQuality "1"]

1. d4 Nf6 2. Nf3 g6 3. c4 Bg7 4. Nc3 0-0 5. e4 d6 6. Be2 e5 7. 0-0 Nc6 8. d5 Ne7 9. b4 Nh5 10. Re1 f5 11. Ng5 Nf6 12. Bf3 c6 13. Bb2 h6 14. Ne6 Bxe6 15. dxe6 fxe4 16. Nxe4 Nxe4 17. Rxe4 d5 18. cxd5 cxd5 19. Rxe5 Bxe5 20. Bxe5 Qb6 21. Bb2 Rac8 22. Qe2 d4 23. Rd1 Rcd8 24. Qe4 Qxb4 25. Bxd4 Nf5 26. e7 Qxe7 27. Qxe7 Nxe7 28. Bxa7 Rxd1+ 29. Bxd1 Kh7 30. Bb3 Nc6 31. Be3 Na5 32. Bd5 Rd8 33. Bf3 Nc4 34. Bf4 b5 35. h4 Rd4 36. g3 Rd3 37. Bc6 Rd1+ 38. Kg2 Rb1 39. h5 Rb2 1/2-1/2

[Event "Coulsdon Autumn-B"]
[Site "Coulsdon"]
[Date "2006.08.30"]
[Round "4"]
[White "Gibbs, Dominic V"]
[Black "Lobo, Richard A"]
[Result "1/2-1/2"]
[WhiteElo "1964"]
[BlackElo "1930"]
[PlyCount "133"]
[EventDate "2006.08.28"]
[EventType "tourn"]
[EventRounds "9"]
[EventCountry "ENG"]
[SourceTitle "CBM 114 Extra"]
[Source "ChessBase"]
[SourceDate "2006.11.03"]
[SourceVersion "1"]
[SourceVersionDate "2006.11.03"]
[SourceQuality "1"]

1. e4 c5 2. c3 d5 3. exd5 Qxd5 4. d4 Nc6 5. Nf3 Bg4 6. dxc5 Qxd1+ 7. Kxd1 Bxf3+ 8. gxf3 Rd8+ 9. Kc2 e6 10. Be3 a6 11. Nd2 Nf6 12. b4 Nd5 13. a3 Be7 14. Rd1 0-0 15. Be2 f5 16. Nb3 f4 17. Bd2 Bh4 18. Rhf1 Kh8 19. c4 Nde7 20. b5 Ne5 21. Bc3 N7g6 22. Rxd8 Rxd8 23. Nd2 axb5 24. cxb5 Rc8 25. Ne4 Nd7 26. Bb4 Be7 27. Kb2 Nxc5 28. Nxc5 Bxc5 29. Bxc5 Rxc5 30. Rc1 Rxc1 31. Kxc1 Kg8 32. a4 b6 33. Kc2 Kf7 34. Kc3 Ke7 35. Kb4 Kd6 36. a5 bxa5+ 37. Kxa5 Kc7 38. Kb4 Ne5 39. Kc5 Nd7+ 40. Kd4 g5 41. Bd3 h6 42. Be4 Kd6 43. Bc6 Ne5 44. Be4 Nd7 45. Kc4 Nb6+ 46. Kb4 Kc7 47. Bc6 Kd6 48. Be4 Kc7 49. Bc2 Nd7 50. Ka5 Nb6 51. Bb3 e5 52. Kb4 Kd6 53. Ba2 Nd7 54. Bb1 Nb6 55. Be4 Nd7 56. Bb7 Nc5 57. Ba6 Nd7 58. Kc4 Nc5 59. Bc8 Na4 60. Bf5 Nb6+ 61. Kb4 Nd5+ 62. Ka5 Kc7 63. Ka6 Nb4+ 64. Ka7 Nd5 65. Bg4 Nb6 66. Be6 Na4 67. Bf5 1/2-1/2

[Event "BCF-chT4 0506 (4NCL)"]
[Site "West Bromwich"]
[Date "2006.03.18"]
[Round "7.4"]
[White "Lobo, Richard A"]
[Black "Burnell, Stephen"]
[Result "1/2-1/2"]
[WhiteElo "1945"]
[BlackElo "1960"]
[PlyCount "96"]
[EventDate "2005.11.05"]
[EventType "team"]
[EventRounds "11"]
[EventCountry "ENG"]
[SourceTitle "CBM 109 Extra"]
[Source "ChessBase"]
[SourceDate "2006.01.03"]
[SourceVersion "2"]
[SourceVersionDate "2006.01.03"]
[SourceQuality "1"]
[WhiteTeam "Pontypridd"]
[BlackTeam "Braille Chess Association"]
[WhiteTeamCountry "ENG"]
[BlackTeamCountry "ENG"]

1. e4 c6 2. d4 d5 3. exd5 cxd5 4. c4 Nf6 5. Nc3 e6 6. Nf3 Be7 7. c5 0-0 8. Bd3 b6 9. cxb6 Qxb6 10. 0-0 Ba6 11. Na4 Qc7 12. Ne5 Bxd3 13. Nxd3 Nbd7 14. Bf4 Bd6 15. Bxd6 Qxd6 16. Rc1 Rfc8 17. Nac5 Ne4 18. Nxd7 Qxd7 19. Qe2 Qa4 20. b4 a5 21. f3 Nd6 22. Qb2 Nc4 23. Qc2 axb4 24. Qxa4 Rxa4 25. Rf2 Rca8 26. Rcc2 h6 27. h3 Ra3 28. Nxb4 Rb8 29. Nc6 Rb1+ 30. Kh2 Rd1 31. f4 Ra6 32. Ne5 Rxd4 33. Nxc4 dxc4 34. Rf3 Ra4 35. Kg3 Kf8 36. f5 e5 37. f6 gxf6 38. Rxf6 Kg7 39. Rc6 e4 40. Kf2 f5 41. Ke3 Rd3+ 42. Kf4 e3 43. Kxf5 Ra5+ 44. Ke4 Rd2 45. Rc1 e2 46. Re1 Raxa2 47. Rxc4 Rd1 48. Rc1 Rxc1 1/2-1/2